Statistics for Ultimate Harry Potter Spells

Click here to take the quiz!

General Stats

  • This quiz has been taken 33 times
  • The average score is 28 of 101

Answer Stats

Purpose of SpellThe Spell% Correct
Used to unlocked a doorAlohomora
90%
A spell which causes immense pain to the vitcim. Used by the dark side quite oftenCrucio
90%
The least harmful of the three forbidden cursesImperio
90%
A spell that causes the wand to emit light from the tipLumos
90%
Used to levitate objectsWingardium Leviosa
90%
A forgetfulness charm, used to completely or partially wipe a persons memoryObliviate
86%
Summons an objectAccio
81%
Casts an animal that is used to protect oneself from dementorsExpecto Patronum
81%
This spell will disarm an opponent usually causing their wand to fly out their handExpelliarmus
81%
A counter curse to the two spells aboveNox
81%
Spell used by Hermoine in First Year to repair Harry's glassesOcculus Reparo
81%
A spell purposefully used to repair an object (no specification)Reparo
81%
Mimics a bomb; destruction spell on larger scaleBombarda
76%
Another spell that is used to make someone frozen but conscious. Used on Neville in First YearPetrificus Totalus
76%
Used to enlarge something, usually by a great amountEngorgio
71%
An addition to the spell which causes a much bigger burst of lightLumos Maxima
71%
A spell used to stun a person, usually an enemyStupefy
67%
A spell used to make water appear (spanish origins)Aguamenti
62%
Classic destruction spell. First used in movies by GinnyReducto
62%
Used to largen the spell above to create a bigger impactBombarda Maxima
57%
The 'Half-Blood Prince's' Spell. Sword-like injuries occurSectumsempra
57%
When used on a victim, it will hang them upside down by their legsLevicorpus
52%
Used to deflect a spell back to the senderProtego
52%
Used to defeat a boggartRidikkulus
52%
Used to shush a loud mouthSilencio
52%
Can heal minor injuries like bruises, cuts or broken nosesEpisky
48%
Counter-Curse to the one above; used to turn something to original sizeReducio
48%
Used to slow down objects, particularly useful if you're fallingArresto Momentum
38%
This spell will confuse the victimConfundus
33%
This spell will split a seam, sometimes used for minimal destructionDiffindo
33%
Used to lock doorsColloportus
29%
Spell used to obstruct people from hearing conversationsMuffliato
29%
An uncommon spell which controls the victims legs by dancing uncontrollablyTarantallegra
29%
This will explode flames a targetConfringo
24%
This makes things vanishEvanesco
24%
Caster is able to read the victim's mindLegilimens
24%
The 'Leg-Locker Curse'Locomotor Mortis
24%
A dark spell used to conjure the dark markMorsmorde
24%
"I've always wanted to use that spell!" - Minerva McGonagall
Piertotum Locomotor
24%
Turns an object into a portkeyPortus
24%
This spell will keep all Muggles awayRepello Muggletum
24%
Reveals hidden objects that may have been hidden using magic.Revelio
24%
Used to make a snake appearSerpensortia
24%
Amplifies a voice when tip of wand is held to the side of the neckSonorus
24%
A spell used to turn animals into waterVera Verto
24%
Spell to drive an object away from the casterDepulso
19%
Makes an object move downardsDescendo
19%
Spell used as a counter to prevent any other spellsFinite Incantatum
19%
Charm or spell used on an object to multiply itGeminio
19%
Reveals humans nearby, wizard or muggleHomenum Revelio
19%
Spell made to make someone or something frozen (aka. The Freezing Charm)Immobulus
19%
Projectiles a rope, causing them to become bindedIncarcerous
19%
Can reveal invisible ink used on parchment paper.Aparecium
14%
Makes an object move upwardsAscendio
14%
Hides a secret within someoneFidelius
14%
Will knock an object or person backwardsFlippendo
14%
Can make a bunch of flowers appear from the tip of the wandOrchidus
14%
Reveals a wand owners last used spell, charm. jinx or cursePriori Incantato
14%
Wakes an unconscious personRennervate
14%
Anti-Choking spell; used to clear someone's airwayAnapneo
10%
Used to 'blast' away spidersArania Exumai
10%
Counter Spell to the stunning spellEnnervate
10%
Creates bandages on a wizards woundFerula
10%
Jinx that produces boils on a persons faceFurnunculus
10%
Turns stairs into ramps (not so useful)Glisseo
10%
Is the spell used to repel waterImpervius
10%
Makes the user able to move unconscious bodiesMobilicorpus
10%
Used to blindfold the victimObscuro
10%
Spell used to remove pixies; not always successfulPeskipiski Pesternomi
10%
Healing spell; much more successful than Lockhart'sVulnera Sanentur
10%
Spell triggered when a target is in the vicinity. Will unleash a scream if activated.Caterwauling
5%
Changes an objects colour (more commonly sed in the game but makes one appearance in books)Colovoria
5%
This spell has the ability to open up passagewaysDissendium
5%
A defensive charm. Used before the Hogwarts WarFianto Duri
5%
Can cause weather spells to stop completelyMeteolojinx Recanto
5%
A protection spell against any kind of hexSalvio Hexia
5%
Spell used on Draco but backfired onto RonaldSlugus Erecto
5%
Used to clean up messesTergeo
5%
Used to makes snakes vanish from thin air. Snape used it in 2nd YearVipera Evanesca
5%
Can open some objectsAberto
0%
Spell to show previously used spells in a particular nearby areaAppare Vestigium
0%
The Killing CurseAvavda Kedavra
0%
Gives a person cereal skinCornflake Skin
0%
Spell to enlarge one's teethDesaugeo
0%
Shrinks a targetDiminuendo
0%
Turns windows in the surrounding area to dustFinestra
0%
Allows the user to write on objects that may not be normally written onFlagrate
0%
A defensive type of smoke sometimes used in battle to evade an enemyFumos
0%
Incantation used to mend things. Used by Draco Malfoy in one instanceHarmonia Nectere Passus
0%
This lets the user track another person's whereabouts on a mapHomonculous
0%
Makes text unreadable to the victimIllegibilus
0%
Slows an oncoming objectImpediamenta
0%
Shoots a fireball from the tip of the casters wandLacarnum Inflamare
0%
Turns a target into an animalLapifors
0%
Creates a dense fog on much larger scale, perfect for surprise attacksNebulus
0%
Can remove traces of a person (removing footprint e.g.)Obliteration
0%
This will make previously conjured items attack a certain targetOppungo
0%
Charm that Lockhart stupidly uses in the second movie on Harry; makes bones disappearOssio Dispersimus
0%
Makes fireworks from the tip of a wandPericulum
0%
Can be used to protect oneself from dark magicProtego Horriblis
0%
Joke spell used to shrink people's headsRedactum Skullus
0%

Score Distribution

Percentile by Number Answered

Percent of People with Each Score

Your Score History

You have not taken this quiz